[Event "MPL National Senior Chess-ch 2022"]
[Site "Kanpur"]
[Date "2022.02.28"]
[Round "6.9"]
[White "Harsha Bharathakoti"]
[Black "Laxman, R.R."]
[Result "1/2-1/2"]
[WhiteElo "2499"]
[BlackElo "2429"]
[Annotator "TA"]
[PlyCount "64"]
[EventDate "2022.02.25"]
[EventCountry "IND"]
[SourceTitle "playchess.com"]
[Source "ChessBase"]
[SourceQuality "1"]

{[%evp 16,64,22,25,25,27,45,41,45,29,42,29,35,31,36,8,39,39,39,39,39,39,60,39,46,37,40,37,61,35,35,35,52,57,63,64,125,124,165,57,52,0,14,23,14,10,23,0,0,0,-3]} 1. d4 Nf6 2. c4 e6 3. Nc3 Bb4 4. Qc2 c5 5. dxc5 Qc7 6. a3 Bxc5 7. b4 Be7 8. Nb5 Qc6 9. Nf3 {aiming for Nfd4.} d6 {E38: Nimzo-Indian: Classical: 4...c5.} 10. e4 a6 11. Nc3 O-O {White is slightly better.} 12. Bd3 {[#]} b6 $146 ({Predecessor:} 12... Qc7 13. O-O Nbd7 14. Bf4 b6 15. Rfe1 Bb7 16. e5 dxe5 17. Nxe5 Rfd8 18. Rad1 Bd6 19. Nxd7 Rxd7 20. Bxd6 Rxd6 {½-½ (52) Teh,E (2228)-Cruz,C (2563) Montcada 2014}) 13. O-O Bb7 14. Bg5 {[%cal Bc1g5,Bg5h4,Bh4g3][%mdl 32]} Nbd7 15. Rac1 Ne5 (15... h6 {seems wilder.} 16. Bd2 Ng4 17. Nd4 Qc7 18. Be2 Nge5) 16. Nxe5 dxe5 17. Rfd1 h6 18. Bh4 Rfe8 19. Bg3 Nd7 20. Qe2 Bg5 21. Rc2 {[%cal Oc4c5]} (21. Rb1 {feels hotter.} Qc7 22. f3 Nb8 23. h4 Be7 24. Qb2) 21... Bf4 22. f3 (22. Bh4 {is more complex.} Nf8 23. f3 h5 24. Nb1 Nd7 25. Bf2) 22... Bxg3 23. hxg3 Qc7 24. Qe3 Red8 25. Be2 Rac8 ({Black should play} 25... Nf6 $14) 26. Rcd2 $16 {White is more active.} Bc6 {[#]} (26... Kf8 $16 {is a better defense.} 27. Rd6 Ke8) 27. Rd6 (27. b5 $1 $18 {[%cal Rb5c6]}) 27... Nb8 $14 28. Qd2 {[%cal Rd6d8]} Rxd6 29. Qxd6 Qxd6 30. Rxd6 {Strongly threatening b5.} Kf8 $1 31. b5 axb5 32. cxb5 Ke7 $1 {Weighted Error Value: White=0.15 (very precise) /Black=0.10 (very precise)} 1/2-1/2

[Event "MPL National Senior Chess-ch 2022"]
[Site "Kanpur"]
[Date "2022.02.28"]
[Round "6.10"]
[White "Puranik, Abhimanyu"]
[Black "Panda Sambit"]
[Result "1/2-1/2"]
[WhiteElo "2618"]
[BlackElo "2059"]
[Annotator "TA"]
[PlyCount "107"]
[EventDate "2022.02.25"]
[EventCountry "IND"]
[SourceTitle "playchess.com"]
[Source "ChessBase"]
[SourceQuality "1"]

{[%evp 10,107,23,26,27,23,24,27,28,19,46,19,18,37,64,28,25,0,11,12,11,0,0,0,9,0,26,27,33,16,24,29,27,17,37,43,38,34,41,12,33,39,44,39,77,21,20,2,68,64,86,25,25,25,25,25,26,-37,-37,-37,-12,-37,-37,-37,-37,-37,-1,-14,-2,-32,-3,-45,0,-33,0,-55,-47,-47,-39,-45,0,-56,-44,-49,0,-51,-49,-57,-64,-85,-34,-102,0,0,0,-149,-114,-137,-134,-158]} 1. e4 c6 2. Nf3 d5 3. Nc3 dxe4 4. Nxe4 Nf6 5. Qe2 Nxe4 6. Qxe4 Be6 {B11: Caro-Kann: Two Knights Variation.} 7. b3 Nd7 8. Bb2 Nf6 {White has an edge.} 9. Qf4 {[#]} Nd5 $146 ({Predecessor:} 9... Bd5 10. Ne5 g5 11. Qb4 Bg7 12. c4 Be6 13. Qxb7 O-O 14. Nxc6 Qd6 15. Be5 Qa3 16. Qxe7 {1-0 (28) Preotu,R (2473)-Salimova,N (2353) Chess.com INT 2022}) 10. Qe5 Bg4 11. Qg3 Bf5 12. c4 ({Don't blunder} 12. Bxg7 $2 Rg8 13. Qe5 Bxg7 $19) (12. Nd4 $5 {[%cal Rd4f5]} Be4 13. Bc4 $11) 12... Nf6 13. Qf4 e6 14. Be2 h6 15. h3 Bd6 16. Qe3 Qe7 17. Ne5 Bc5 18. d4 $1 Bb4+ 19. Kf1 $1 Ba3 20. Bxa3 Qxa3 21. g4 {[%cal Bg2g4,Bg4g5][%mdl 32]} Bh7 22. Kg2 Rd8 23. h4 Nd7 24. Nf3 (24. d5 $5) 24... Qe7 (24... Nf6 $5 {[%cal Rf6g4]}) 25. Rad1 h5 26. g5 Bf5 27. Ne5 (27. Nh2 $16) 27... g6 $11 28. c5 O-O (28... Nxe5 $11 29. dxe5 Rd5) 29. Nc4 $14 {White is much more active. Black has bad knights.} Nb8 30. Nd6 (30. Rhg1 $16) 30... Rxd6 $11 31. cxd6 Qxd6 32. Qe5 Qd8 33. Bd3 (33. Bf3 $11) 33... Bxd3 $15 34. Rxd3 Na6 {To avoid Qc5} (34... Nd7 $5 {[%cal Rd7e5]} 35. Qd6 Nb6 36. Qxd8 Rxd8 $11) 35. a3 (35. b4 $5) 35... Nc7 {[%mdl 1024] Black has compensation.} 36. b4 Nd5 37. Rc1 Qe7 38. Rf3 Qd7 39. Rc5 Rd8 40. Rc1 (40. Rb3 $11) 40... Rf8 (40... a6 $1 $15) 41. Rb1 Rd8 42. Kg1 ({Better is} 42. Rc1 $1 $11) 42... a6 43. Re1 Nb6 44. Rf4 Nd5 (44... Nc4 $15 {deserves consideration.} 45. Qf6 Rf8) 45. Rfe4 (45. Rf3 $11) 45... Nc3 46. R4e3 Nd5 (46... Nb5 $1 $15 {is more appropriate.}) 47. Rd3 ({White should try} 47. Re4 $11) 47... Ne7 48. Re4 Nf5 49. a4 Qe7 (49... Qd5 $17 50. Ra3 Nxd4) 50. b5 (50. Qc5 $15) 50... Rd5 (50... Qb4 $17 {aiming for ...Qb1+.} 51. bxa6 bxa6) 51. Qb8+ $11 Rd8 52. Qf4 (52. Qe5 $11) 52... axb5 $17 53. axb5 {[#]} Qb4 $1 {Threatens to win with ...Qb1+.} ({Not} 53... cxb5 54. Rc3 $17) 54. Rd1 {Prevents Qb1.  Weighted Error Value: White=0.24 (precise) /Black=0.14 (very precise)} 1/2-1/2

[Event "MPL National Senior Chess-ch 2022"]
[Site "Kanpur"]
[Date "2022.02.28"]
[Round "6.11"]
[White "Srihari L R"]
[Black "Sethuraman, S.P."]
[Result "1/2-1/2"]
[WhiteElo "2400"]
[BlackElo "2619"]
[Annotator "TA"]
[PlyCount "72"]
[EventDate "2022.02.25"]
[EventCountry "IND"]
[SourceTitle "playchess.com"]
[Source "ChessBase"]
[SourceQuality "1"]

{[%evp 11,72,0,0,-2,1,-16,13,0,0,-47,-11,-13,-12,-11,-10,-25,-25,-8,-8,-24,-34,-41,-27,-9,16,-47,-50,-47,-45,-87,-61,-63,-50,-70,-39,-48,-45,-104,-97,-97,-95,-132,-55,-57,-57,-77,-52,-47,-16,-16,-18,-14,0,0,0,0,0,0,-2,-4,3,3,73]} 1. d4 Nf6 2. Bg5 {[%cal Bc1g5,Bg5h4,Bh4g3][%mdl 32]} e6 3. Nd2 h6 4. Bh4 Be7 5. e3 b6 6. Ngf3 Bb7 7. a4 {A46: 1 d4 Nf6 2 Nf3 e6: Torre, London and Colle Systems.} a5 {[#]} 8. Bd3 $146 ({Predecessor:} 8. c3 O-O 9. Qc2 d5 10. Bxf6 Bxf6 11. g4 Nd7 12. h4 Be7 13. Be2 Ba6 14. g5 h5 15. Bxa6 Rxa6 {1-0 (32) Kincs,I (2210)-Hrbolka,L (2089) Zalakaros 2018}) 8... d6 (8... g5 $5 {[%cal Rg5h4]} 9. Bg3 g4 $11) 9. Bg3 Nh5 10. Be4 (10. c3 $11) 10... Bxe4 11. Nxe4 O-O 12. Nfd2 g6 13. f3 Nxg3 14. hxg3 Kg7 15. f4 Nd7 16. Qf3 f5 (16... d5 $5 {[%cal Rd5e4]} 17. Nf2 c5 $11) 17. Nf2 Nf6 18. e4 (18. g4 $1 $11) 18... d5 $36 {[%mdl 2048] Black is more active.} 19. exf5 exf5 20. g4 (20. Nd3 $15 {was preferrable.}) 20... fxg4 (20... Nxg4 {keeps more tension.} 21. Nxg4 fxg4 22. Qxg4 Bd6 23. g3 Qe7+) 21. Nxg4 Nxg4 22. Qxg4 Qc8 (22... Qe8 {seems wilder.} 23. g3 Bf6+ 24. Kf1 Qe3 25. Nf3 Bxd4 26. Kg2 Rf5) 23. Qxc8 Raxc8 24. O-O {[#]} ({White should play} 24. g3 $15) 24... c5 $1 $17 25. Rae1 Bd6 26. dxc5 Bxf4 ({Better is} 26... Bxc5+ $17 27. Kh1 Bd6) 27. Re7+ Kg8 $1 28. Nf3 bxc5 29. Rfe1 Rf7 30. R7e6 $1 {The position is equal.} Kh7 31. Ne5 Rg7 32. Ng4 {[#] Threatening mate with Nf6+.} Bg5 33. R1e5 d4 34. Nf6+ Bxf6 35. Rxf6 Rcc7 36. Ra6 Kg8 {Weighted Error Value: White=0.13 (very precise) /Black=0.11 (very precise)} (36... Rgd7 $11) 1/2-1/2

[Event "MPL National Senior Chess-ch 2022"]
[Site "Kanpur"]
[Date "2022.02.28"]
[Round "6.13"]
[White "Utsab Chatterjee"]
[Black "Arjun Kalyan"]
[Result "1-0"]
[WhiteElo "2321"]
[BlackElo "2506"]
[Annotator "TA"]
[PlyCount "111"]
[EventDate "2022.02.25"]
[EventCountry "IND"]
[SourceTitle "playchess.com"]
[Source "ChessBase"]
[SourceQuality "1"]

{[%evp 12,111,12,10,13,15,15,15,13,12,18,12,28,8,19,0,0,0,0,0,0,0,13,-22,0,-25,-8,-16,0,-20,0,-21,0,-43,-55,-49,-42,-39,-29,-50,-64,-87,-55,-91,-93,-103,-71,-176,-64,-56,-63,-97,-84,-37,-75,-52,0,0,0,0,0,-9,-8,-541,0,0,0,0,245,235,257,260,252,246,239,235,260,245,239,210,261,225,422,414,694,657,833,700,4943,2372,6439,6440,5498,5866,29984,29980,29980,29981,29986,29987,29987,29988]} 1. e4 e5 2. Nf3 Nc6 3. Bb5 a6 4. Ba4 Nf6 5. d3 b5 6. Bb3 Bc5 7. Nc3 {7.c3 gains popularity.} d6 {C77: Ruy Lopez: 3...a6 4 Ba4 Nf6, unusual lines.} 8. Nd5 h6 {Inhibits Bg5.} 9. c3 Be6 {The position is equal.} 10. Nxf6+ Qxf6 11. O-O Ne7 12. h3 O-O 13. Be3 Bxe3 14. fxe3 {[#]} c5 $146 ({Predecessor:} 14... Qg6 15. Kh2 Bxb3 16. Qxb3 d5 17. g3 Qd6 18. exd5 Nxd5 19. Rae1 e4 20. dxe4 Nb6 {½-½ (54) Montalvo,M-Mazzonna,R (1669) ICCF email 2021}) 15. Kh2 Qg6 16. a4 c4 17. Ba2 Rab8 18. Rf2 Rfd8 19. Bb1 Qh5 20. Rd2 g5 {[%cal Bg7g5,Bg5g4][%mdl 32]} 21. axb5 g4 22. Ng1 (22. bxa6 $11 gxf3 23. Qxf3 Qxf3 24. gxf3) 22... axb5 $15 ({Don't take} 22... g3+ 23. Kxg3 Qxd1 24. Rxd1 $14) 23. Ra6 Ng6 24. Bc2 Qg5 25. Qe1 h5 26. g3 gxh3 27. Nxh3 Qh6 ({But not} 27... Bxh3 $6 28. Kxh3 Ra8 29. Rxa8 Rxa8 30. dxc4 bxc4 31. Bd1 $11) 28. Bd1 Kg7 29. Qf2 (29. Ng1 $17) 29... cxd3 (29... Nf8 $1 $19 {Hoping for ...Nd7.} 30. Qe1 Nh7 31. dxc4 Bxh3 32. Kxh3 Ng5+ 33. Kh2 bxc4) 30. Rxd3 b4 $1 31. Raxd6 Rxd6 32. Rxd6 {[%cal Oc3c4]} bxc3 33. bxc3 {[%cal Oc3c4]} Bxh3 (33... Ra8 $15) 34. Qf6+ $11 ({Much worse is} 34. Kxh3 Nf4+ $1 {[%mdl 512]} 35. exf4 (35. gxf4 $2 Qxd6 36. Qg3+ Kf8 $19) 35... Qxd6 36. Bxh5 Qe6+ 37. Kg2 Ra8 $17) 34... Kg8 {...Be6 is the strong threat.} 35. Kxh3 {aiming for Be2.} h4 36. gxh4 Qxe3+ 37. Bf3 $2 {[%mdl 8192] [#]} (37. Kg4 $1 $11) 37... Nf4+ $2 (37... Rb1 $1 $19 {[%cal Rb1h1] ( -> ...Rh1+)} 38. Rd8+ Kh7 39. Qxf7+ Kh6 40. Rh8+ Nxh8 41. Qf8+ Kh7 42. Qe7+ Kg8 43. Qe8+ Kg7 44. Qxe5+ Kf7 45. Qd5+ Kf8 46. Qd6+ Kg8 47. Qd8+ Kg7 48. Qd4+ Qxd4 49. cxd4 Rb4) 38. Kg4 Qg1+ 39. Kf5 Qg6+ {Black is now going downhill.} (39... Ng6 $11 {and Black has nothing to worry.}) 40. Kxe5 {The board is on fire.} Nd3+ 41. Kd4 Qxf6+ 42. Rxf6 $18 {[%mdl 4096] Endgame KRB-KRN} Rd8+ 43. Ke3 Ne5 44. Be2 {Prevents Rd3+.} Kg7 45. Rb6 Rh8 46. Rb5 Kf6 (46... f6 {was worth a try.} 47. Rb7+ Kg6 48. h5+ Kg5) 47. h5 {Strongly threatening Kf4.} Rc8 (47... Rd8 $142 48. c4 Rc8) 48. Kf4 Re8 49. c4 {[%cal Bc3c4,Bc4c5][%mdl 32] Threatens to win with Rd5.} Re6 50. Rd5 {And now c5 would win.} Re8 51. c5 Re7 52. Bb5 {Intending c6 and mate.} Re6 {Prevents c6.} 53. c6 {White mates.} Nxc6 54. Bxc6 Rxc6 {[#]} 55. Rd6+ $3 {[%mdl 512]} Rxd6 56. e5+ {Weighted Error Value: White=0.29 (precise) /Black=0.75} 1-0

[Event "MPL National Senior Chess-ch 2022"]
[Site "Kanpur"]
[Date "2022.02.28"]
[Round "6.14"]
[White "Anuj Shrivatri"]
[Black "Swapnil, S. Dhopade"]
[Result "1/2-1/2"]
[WhiteElo "2350"]
[BlackElo "2495"]
[Annotator "TA"]
[PlyCount "69"]
[EventDate "2022.02.25"]
[EventCountry "IND"]
[SourceTitle "playchess.com"]
[Source "ChessBase"]
[SourceQuality "1"]

{[%evp 14,69,43,43,44,38,39,0,0,0,38,28,18,20,65,63,52,65,57,62,52,59,56,59,61,60,59,60,59,64,55,0,62,64,60,16,14,0,0,0,0,0,0,0,0,0,0,0,0,0,0,0,0,0,0,0,0,0]} 1. d4 Nf6 2. c4 c5 3. d5 b5 4. cxb5 a6 5. e3 g6 6. Nc3 Bg7 7. e4 O-O {seems to push 7...d6 aside.} 8. a4 Bb7 {A57: Benko/Volga Gambit.} 9. Bg5 h6 {[#]} 10. Bf4 $146 (10. Bxf6 $5 Bxf6 11. Nf3 $14) ({Predecessor:} 10. Bxf6 Bxf6 11. Nf3 d6 12. Nd2 Bd4 13. Bc4 axb5 14. Bxb5 Na6 15. O-O Nc7 16. Nc4 {½-½ (43) Pundak,M (2311)-Ketelhoehn,B (2369) ICCF email 2018}) 10... e6 $1 11. Bc4 axb5 (11... Qa5 {feels hotter.} 12. Nge2 axb5 13. Bxb5 Nxe4 14. O-O Nf6) 12. axb5 Rxa1 13. Qxa1 Nxe4 14. Nxe4 $14 exd5 15. Nd6 dxc4 16. Nxb7 {Pair of Knights!} Qb6 {[%csl LRb5,LRb7]} 17. Nd6 g5 18. Bg3 {h4 is the strong threat.} (18. Nxc4 $2 Qe6+ 19. Be3 (19. Ne2 $2 Qxc4 20. Be3 Qb4+ 21. Bd2 Qxb5 $19) 19... Qxc4 $19) 18... f5 $1 19. Qd1 $1 f4 {Strongly threatening ...Bd4.} 20. Qd5+ (20. Nxc4 Qxb5 21. b3 (21. Qd5+ Kh8 $17) 21... Qc6 $17) 20... Kh7 $1 {[#]} 21. Nh3 $1 {[%cal Og3f4] aiming for Bxf4!} Rf6 {[#]} 22. Nxc4 ({Of course not} 22. Qe4+ Kg8 23. Nxc4 Qxb5 $15) (22. Bxf4 $1 $14 gxf4 23. Nxc4 Qe6+ 24. Qxe6 Rxe6+ 25. Kd1) 22... Qe6+ (22... Re6+ $1 $11 23. Kd2 (23. Kf1 Qa7 $11) 23... Qxb5 24. Bxf4 g4) 23. Qxe6 Rxe6+ 24. Kd2 (24. Kd1 $1 $14 {is superior.}) 24... d5 $1 $11 {[#] The position is equal.} 25. Nxf4 $1 gxf4 26. Bxf4 dxc4 27. Bxb8 {[%mdl 4096] Endgame Hoping for Bc7. KRB-KRB} Rb6 28. Ba7 Rxb5 29. Rc1 $1 Rxb2+ 30. Ke1 Bd4 {Threatens to win with ...c3.} 31. Rxc4 Rb1+ 32. Ke2 Rb2+ 33. Ke1 Rb1+ 34. Kd2 Rb2+ 35. Ke1 {Weighted Error Value: White=0.06 (flawless) /Black=0.07 (flawless)} 1/2-1/2

[Event "MPL National Senior Chess-ch 2022"]
[Site "Kanpur"]
[Date "2022.03.01"]
[Round "8.1"]
[White "Erigaisi Arjun"]
[Black "Visakh N R"]
[Result "1/2-1/2"]
[WhiteElo "2633"]
[BlackElo "2522"]
[Annotator "TA"]
[PlyCount "63"]
[EventDate "2022.02.25"]
[EventCountry "IND"]
[SourceTitle "playchess.com"]
[Source "ChessBase"]
[SourceQuality "1"]

{[%evp 11,63,12,15,0,24,29,43,0,0,0,0,0,19,0,7,35,61,49,52,45,43,38,45,48,73,81,79,21,31,27,21,7,8,7,5,5,5,5,5,0,0,0,0,0,0,0,0,0,0,0,0,0,0,0]} 1. d4 {Krasenkow,Michal} Nf6 2. c4 e6 3. Nf3 d5 4. g3 dxc4 5. Bg2 c6 6. Ne5 Bb4+ 7. Bd2 {E04: Open Catalan: 5 Nf3.} Be7 (7... Qxd4 $5 {[%cal Rb4c5]} 8. Bxb4 Qxe5 $14) 8. e3 b5 9. b3 {White is slightly better.} cxb3 10. axb3 {[%cal Ba2b3,Bb3b4][%mdl 32]} Bb7 11. Ba5 Qc8 {[#]} 12. Qf3 $146 {[%mdl 1024] White has compensation.} ({Predecessor:} 12. O-O c5 13. Bxb7 Qxb7 14. dxc5 Nc6 15. Nxc6 Qxc6 16. b4 h5 17. Nd2 h4 18. Qf3 {1-0 (43) Gelfand,B (2655)-Bartel,M (2600) Skopje 2019 CBM 189 [Krasenkow,Michal]}) 12... O-O 13. O-O Nfd7 14. Nd3 {White is much more active.} Na6 15. b4 $1 Rb8 {[%cal Oc6c5]} 16. Qe2 Nb6 17. Na3 $1 Nc4 18. Nxc4 bxc4 19. Ne5 ({Better is} 19. Nc5 $16) 19... Nxb4 $11 20. Bxb4 Bxb4 21. Rxa7 {[%cal Ba1a7,Ba7c7,Bc7d7][%mdl 32] The position is equal.} c5 $1 $132 {[%mdl 2048] Black is not keeping still} 22. Qxc4 Bxg2 23. Kxg2 {Black should prevent Rc1.} cxd4 24. Rc7 Qd8 25. exd4 Be7 $1 26. Rd7 Qe8 27. Ra1 {[#] Black must now prevent Raa7.} Bf6 {Threatens to win with ...Bxe5.} 28. Raa7 {aiming for Nxf7.} Bxe5 29. dxe5 Ra8 30. Rab7 Rb8 31. Rbc7 Rc8 32. Rxc8 {Weighted Error Value: White=0.08 (flawless) /Black=0.04 (flawless)} 1/2-1/2

[Event "MPL National Senior Chess-ch 2022"]
[Site "Kanpur"]
[Date "2022.03.01"]
[Round "8.2"]
[White "Lalith Babu M R"]
[Black "Gukesh D"]
[Result "1/2-1/2"]
[WhiteElo "2563"]
[BlackElo "2614"]
[Annotator "TA"]
[PlyCount "60"]
[EventDate "2022.02.25"]
[EventCountry "IND"]
[SourceTitle "playchess.com"]
[Source "ChessBase"]
[SourceQuality "1"]

{[%evp 12,60,10,6,23,18,22,17,24,-18,78,60,83,61,55,13,16,21,18,26,25,30,28,25,22,20,19,25,22,23,22,22,35,29,34,33,44,19,14,14,14,14,13,13,13,14,11,16,16,14,12]} 1. d4 Nf6 2. c4 e6 3. Nf3 d5 4. Nc3 Bb4 5. Qa4+ Nc6 6. e3 O-O 7. Bd2 Re8 {D38: Queen's Gambit Declined: Ragozin Defence (4 Nf3 Bb4).} 8. a3 Bf8 9. Qc2 h6 10. O-O-O {[#]} (10. Rd1 {was preferrable.}) 10... e5 $146 (10... a6 $11) ({Predecessor:} 10... a6 11. Rg1 dxc4 12. g4 Nd5 13. g5 h5 14. Bxc4 b5 15. Bd3 Bb7 16. Bh7+ Kh8 {1-0 (41) Mamedyarov,S (2765)-Ding,L (2799) Chess.com INT 2021}) 11. cxd5 $16 Nxd5 12. Nxd5 Qxd5 13. Bc4 (13. dxe5 $14 Be6 14. Bc3) 13... Qd6 $1 $11 14. Qe4 Bd7 (14... Qe7 {keeps more tension.} 15. dxe5 Nxe5 16. Nxe5 Qxe5 17. Qxe5 Rxe5 18. Bc3 Re4) 15. dxe5 Nxe5 16. Nxe5 Qxe5 17. Qxe5 Rxe5 18. Bc3 {[%csl LRd7,LRe5]} Re7 19. Rd2 Bc6 20. Bd5 Bxd5 21. Rxd5 c6 22. Rd3 f6 23. Rhd1 Kf7 24. g4 Ke8 {The position is equal.} 25. h4 a5 26. g5 fxg5 27. hxg5 hxg5 28. Rg1 Rf7 29. Rxg5 Rxf2 30. Bxg7 Rf7 {Weighted Error Value: White=0.06 (flawless) /Black=0.12 (very precise)} 1/2-1/2

[Event "MPL National Senior Chess-ch 2022"]
[Site "Kanpur"]
[Date "2022.03.01"]
[Round "8.3"]
[White "Iniyan, P."]
[Black "Adhiban, B.."]
[Result "1-0"]
[WhiteElo "2516"]
[BlackElo "2648"]
[Annotator "TA"]
[PlyCount "87"]
[EventDate "2022.02.25"]
[EventCountry "IND"]
[SourceTitle "playchess.com"]
[Source "ChessBase"]
[SourceQuality "1"]

{[%evp 12,87,44,23,41,40,33,38,52,59,63,44,64,68,68,77,70,116,136,77,77,79,69,75,75,74,86,51,44,43,41,49,49,55,47,29,51,67,46,62,181,179,449,373,377,376,585,597,581,580,604,584,703,619,900,893,831,625,875,847,972,966,2004,1921,1786,1656,2357,2543,2652,2572,29977,29979,29979,29980,29980,29981,29981,29982]} 1. e4 e5 2. Nf3 Nc6 3. Bb5 a6 4. Ba4 Nf6 5. O-O Bc5 6. c3 b5 7. Bc2 (7. Bb3 $5 {[%cal Rd2d4]}) 7... d5 {C78: Ruy Lopez: Archangelsk and Möller Defences.} 8. a4 dxe4 {[#]} 9. axb5 $1 Bg4 {[%cal Oe8g8] White is slightly better.} (9... exf3 10. Qxf3) 10. bxc6 {[%cal Oh2h3]} exf3 11. gxf3 Bh3 {Nowadays more popular than 11...Be6.} 12. Re1 $1 O-O 13. Ra5 $1 Qd6 {[%cal Oe5e4] Threatens to win with ...e4!} 14. b4 Bxf2+ 15. Kxf2 e4 16. Kg1 Rae8 {And now ...exf3 would win.} 17. Re3 {[%cal Rf3e4]} (17. Rxa6 exf3 18. Rf1 Re2 19. Rf2 Qe5 20. Bxh7+ Nxh7 21. d4 Re1+) 17... Nh5 {[#] ( -> ...Qg6+)} 18. Rg5 {Prevents Qg6.} (18. Rxh5 Qg6+) (18. Rxe4 f5 19. Rh4 Qg6+ 20. Rg4 Bxg4 21. fxg4 Nf4 $19) 18... Qh6 19. f4 (19. Rg4 f5 20. Rg2 (20. Bb3+ $2 Kh8 $19) 20... Bxg2 21. Kxg2 (21. Bb3+ $2 Kh8 $19) 21... Nf4+ 22. Kh1 Qh3 $19) 19... Nxf4 20. Reg3 f5 $1 21. Rxg7+ Qxg7 22. Rxg7+ Kxg7 23. Qe1 Rf6 {Strongly threatening ...Rg6+.} 24. Qe3 Rg6+ 25. Kf2 {[%cal Bg1f2,Bf2e1,Be1d1,Bd1c1][%mdl 32] [#]} ({Avoid the trap} 25. Kh1 $2 Bg2+ 26. Kg1 Nh3+ 27. Qxh3 Bxh3+ $19) 25... Rg2+ $146 {Black is on the road to losing.} ({Black should try} 25... Rg4 $14) ({Predecessor:} 25... Rg4 26. Na3 Re6 27. Bb1 Kf7 28. Nc4 Rg2+ 29. Ke1 Re2+ 30. Qxe2 Nxe2 31. Kxe2 f4 {½-½ (39) Osipov,A (2413)-Mueller,K (2455) LSS email 2020}) 26. Ke1 $18 Rg4 {[#]} (26... Re2+ 27. Qxe2 Nxe2 28. Kxe2 Re6) 27. Kd1 $1 Bf1 {White must now prevent ...Be2+.} 28. Ba3 Nd5 (28... Kg6 $142 29. Kc1 Nd3+ 30. Bxd3 Bxd3) 29. Qd4+ Nf6 30. Qa7 Kg6 31. Kc1 f4 32. b5 Bd3 33. Bxd3 exd3 34. bxa6 f3 35. Bc5 Ra4 36. Qxc7 Ra2 37. Qg3+ Kf7 38. c7 {Hoping for Na3.} Rc2+ 39. Kd1 Rb2 40. Na3 Rxd2+ 41. Kxd2 {White mates.} Ne4+ 42. Kxd3 Nxg3 43. hxg3 Ke6 44. Nc4 {Weighted Error Value: White=0.13 (very precise) /Black=0.37} 1-0

[Event "MPL National Senior Chess-ch 2022"]
[Site "Kanpur"]
[Date "2022.03.01"]
[Round "8.4"]
[White "Aravindh, Chithambaram VR."]
[Black "Das, Sayantan"]
[Result "1-0"]
[WhiteElo "2611"]
[BlackElo "2459"]
[Annotator "TA"]
[PlyCount "83"]
[EventDate "2022.02.25"]
[EventCountry "IND"]
[SourceTitle "playchess.com"]
[Source "ChessBase"]
[SourceQuality "1"]

{[%evp 11,83,14,44,45,31,53,65,66,77,44,45,46,43,43,50,58,62,45,98,25,72,60,65,60,50,58,58,67,39,0,0,0,0,0,0,0,9,7,22,18,17,0,0,0,0,0,62,27,76,65,74,-204,56,60,190,188,375,369,381,375,349,343,460,460,470,470,937,926,896,893,752,507,593,537]} 1. Nf3 Nf6 2. g3 g6 3. Bg2 Bg7 4. O-O O-O 5. d4 d6 6. Nc3 Na6 7. e4 {[%cal Be2e4,Be4e5][%mdl 32] A49: 1 d4 Nf6 2 Nf3 g6 3 g3: Anti-King's Indian systems.} c5 8. e5 Ng4 9. exd6 {[#] White is slightly better.} cxd4 $146 ({Predecessor:} 9... exd6 10. Bg5 Qb6 11. h3 Nf6 12. Bxf6 Bxf6 13. Nd5 Qd8 14. Nxf6+ Qxf6 15. c3 Rb8 {1-0 (24) Pert,N (2543)-Paterson,A (2201) Ascot 2013}) 10. Nxd4 Qxd6 11. Ndb5 Qxd1 12. Rxd1 Nb4 13. Bg5 f6 14. Bd2 {White is more active.} Bf5 (14... Ne5 $1 $14) 15. Ne4 (15. Bxb7 Rab8 16. Bf3 Ne5 $11) (15. Nd4 $16) 15... Nxc2 (15... Bxe4 $11 16. Bxb4 (16. Bxe4 f5 $11) 16... Bxg2 17. Kxg2 Rfc8) 16. Rac1 $16 a6 17. Nc7 Nd4 {...Ne2+ is the strong threat.} 18. Nxa8 {Hoping for Nb6.} Ne2+ 19. Kf1 Nxc1 20. Bxc1 {Strongly threatening Nb6.} (20. h3 $5 Ne5 21. Bxc1 Rxa8 22. Nc5 $11) 20... Rxa8 21. Nc5 Rc8 $1 $36 {[%mdl 2048] Black is more active.} 22. b4 b6 23. Bb7 Rb8 (23... bxc5 24. Bxc8 Bxc8 25. Rd8+ Kf7 26. Rxc8 cxb4 27. Rc4 $18) 24. Bd5+ Kh8 25. Nxa6 Rd8 26. Bf3 Rc8 27. Bb7 Rc2 28. h3 (28. Rd8+ Bf8 $1 29. Bf4 (29. Rxf8+ Kg7 $17) 29... Kg7 $15) 28... Nxf2 (28... Rxf2+ $2 29. Kg1 Rc2 30. hxg4 $18) ({Black should play} 28... Bh6 $1 $11 29. hxg4 Rxc1 30. Rxc1 Bd3+ 31. Ke1 Bxc1) 29. Rd8+ $14 Bf8 {[#]} 30. Bd2 $1 ({Don't play} 30. Rxf8+ Kg7 31. Rd8 Bd3+ 32. Ke1 Re2+ 33. Kf1 Rc2+ 34. Ke1 Re2+ 35. Kf1 Rc2+ $11) 30... Nxh3 (30... Bd3+ $2 31. Kxf2 Rxd2+ 32. Ke3 $18) 31. Rxf8+ Kg7 32. Rd8 {To avoid Bd3+} Bg4 ({Black should try} 32... Ng5 $14) 33. a4 $18 {Threatens to win with a5.} h5 $2 (33... Ng5 {keeps fighting.} 34. Be3 Ra2) 34. a5 bxa5 35. bxa5 {And now Nb4 would win.} Ra2 36. Nc5 Ra1+ 37. Kg2 {White is clearly winning.} Rg1+ 38. Kh2 Rf1 (38... Ra1 $142 39. a6 Ng5 40. Bxg5 fxg5) 39. Bg2 {[%csl LRf1,LRh3]} Rf2 40. Ne4 ({Less strong is} 40. a6 Bf3 41. Rd3 (41. Kxh3 Bxg2+ 42. Kh4 Bd5 $11) 41... Ng5 42. Ne6+ (42. Bxg5 Rxg2+ 43. Kh3 Rf2 $18) 42... Nxe6 43. Rxf3 Rxd2 $14) 40... Re2 41. Bc3 {Black must now prevent Rd2.} Bf3 {[#]} 42. Rd2 $1 {Weighted Error Value: White=0.15 (very precise) /Black=0.27 (precise)} 1-0